Biotechnology, genetics and plant breeding (Record no. 194114)

MARC details
000 -LEADER
fixed length control field 00514nam a22002057a 4500
003 - CONTROL NUMBER IDENTIFIER
control field OSt
020 ## - INTERNATIONAL STANDARD BOOK NUMBER
International Standard Book Number 9789386319913
082 ## - DEWEY DECIMAL CLASSIFICATION NUMBER
Classification number 660.65
Item number LAX/BI
100 ## - MAIN ENTRY--PERSONAL NAME
Personal name Laxmikant Sharma
245 ## - TITLE STATEMENT
Title Biotechnology, genetics and plant breeding
260 ## - PUBLICATION, DISTRIBUTION, ETC. (IMPRINT)
Place of publication, distribution, etc Jaipur
Name of publisher, distributor, etc Paradise Publishers
Date of publication, distribution, etc 2019
300 ## - PHYSICAL DESCRIPTION
Extent iii, 250p.
500 ## - GENERAL NOTE
General note Plant breeding
534 ## - ORIGINAL VERSION NOTE
Note about original 2019
546 ## - LANGUAGE
Language note English
650 ## - SUBJECT ADDED ENTRY--TOPICAL TERM
Topical term or geographic name as entry element Plant breeding
650 ## - SUBJECT ADDED ENTRY--TOPICAL TERM
Topical term or geographic name as entry element Tissue culture
650 ## - SUBJECT ADDED ENTRY--TOPICAL TERM
Topical term or geographic name as entry element Plant development and physiology
942 ## - ADDED ENTRY ELEMENTS (KOHA)
Source of classification or shelving scheme Dewey Decimal Classification
Koha item type Books (General)
Holdings
Lost status Source of classification or shelving scheme Damaged status Not for loan Collection code Home library Current library Shelving location Date acquired Cost, normal purchase price Total Checkouts Full call number Barcode Date last seen Koha item type
  Dewey Decimal Classification     General KAU Central Library, Thrissur KAU Central Library, Thrissur General 21/04/2020 1595.00   660.65 LAX/BI 230090 21/04/2020 Books (General)
  Dewey Decimal Classification     General KAU Central Library, Thrissur KAU Central Library, Thrissur General 11/08/2020 1595.00   660.65 LAX/BI 230638 11/08/2020 Books (General)
Kerala Agricultural University Central Library
Thrissur-(Dt.), Kerala Pin:- 680656, India
Ph : (+91)(487) 2372219
E-mail: librarian@kau.in
Website: http://library.kau.in/